Từ điển điện tử và tin học Anh-Việt: Khoảng 28.000 thuật ngữ

Сохранить в:
Библиографические подробности
Главный автор: Phạm, Văn Bảy
Формат:
Язык:Undetermined
Опубликовано: Hà Nội Khoa học và Kỹ thuật 1994
Предметы:
Метки: Добавить метку
Нет меток, Требуется 1-ая метка записи!
Thư viện lưu trữ: Trung tâm Học liệu Trường Đại học Cần Thơ
LEADER 00614nam a2200193Ia 4500
001 CTU_21769
008 210402s9999 xx 000 0 und d
082 |a 621.38103 
082 |b B112 
100 |a Phạm, Văn Bảy 
245 0 |a Từ điển điện tử và tin học Anh-Việt: Khoảng 28.000 thuật ngữ 
245 0 |c Phạm Văn Bảy 
260 |a Hà Nội 
260 |b Khoa học và Kỹ thuật 
260 |c 1994 
650 |a Clectronics,Electronics 
650 |x Dictionaries,Terminology 
904 |i Minh 
980 |a Trung tâm Học liệu Trường Đại học Cần Thơ